[Event "7. Europameisterschaft"]
[Site "Kusadasi"]
[Date "2006.04.10"]
[Round "7"]
[White "Perez Candelario, Manuel"]
[Black "Meier, Georg"]
[Result "1-0"]
[WhiteElo "2511"]
[BlackElo "2407"]
[PlyCount "99"]
[EventDate "2006.04.03"]

1. e4 e6 2. d3 d5 3. Nd2 Nf6 4. Ngf3 b6 5. c3 Be7 6. Qa4+ Nfd7 7. d4 O-O 8. Bd3
c5 9. O-O cxd4 10. cxd4 Bb7 11. e5 Qc8 12. Rd1 Ba6 13. Nf1 Bxd3 14. Rxd3 Qa6
15. Qd1 Rc8 16. Bg5 Bf8 17. Ng3 Nc6 18. a3 Na5 19. b3 Rc7 20. Ne1 Rac8 21. Bd2
Nc6 22. Qh5 Ne7 23. Ne2 Nf5 24. Rh3 h6 25. Qg4 Kh8 26. Ng3 Ne7 27. Nh5 Ng6 28.
Qf3 Kg8 29. g4 Be7 30. Qe3 b5 31. Nf3 b4 32. Nxg7 Kxg7 33. Qxh6+ Kg8 34. Ng5
Ndf8 35. Nh7 Nd7 36. Ng5 Ndf8 37. Nh7 Nd7 38. g5 Bf8 39. Qh5 Rc3 40. f3 Qd3 41.
Nf6+ Nxf6 42. gxf6 Qxd4+ 43. Kh1 Rc1+ 44. Be1 Bg7 45. fxg7 Rxe1+ 46. Rxe1 Kxg7
47. Qh6+ Kg8 48. Rg1 Qxe5 49. Rxg6+ fxg6 50. Qh7+ 1-0

[Event "7. Europameisterschaft"]
[Site "Kusadasi"]
[Date "2006.04.10"]
[Round "7"]
[White "Michalczak, Thomas"]
[Black "Itkis, Boris"]
[Result "1-0"]
[WhiteElo "2334"]
[BlackElo "2490"]
[PlyCount "93"]
[EventDate "2006.04.03"]

1. e4 c5 2. c3 Nf6 3. e5 Nd5 4. Nf3 e6 5. d4 cxd4 6. cxd4 d6 7. Bc4 Nc6 8. O-O
Be7 9. exd6 Qxd6 10. Nc3 Nxc3 11. bxc3 O-O 12. Re1 b6 13. Ng5 Bxg5 14. Bxg5 Bb7
15. Qg4 e5 16. Qg3 Rae8 17. Rad1 Kh8 18. dxe5 Qc7 19. e6 Qxg3 20. hxg3 fxe6 21.
Rxe6 h6 22. Be3 Rxe6 23. Bxe6 Re8 24. Rd6 Rd8 25. Bf4 Rxd6 26. Bxd6 Kh7 27. f4
Kg6 28. Kf2 Kf6 29. Bd5 g5 30. Ke3 Kf5 31. Be4+ Kf6 32. Be5+ Ke6 33. Bg7 Ne7
34. Bxh6 Nf5+ 35. Bxf5+ Kxf5 36. Bxg5 Bxg2 37. Kd4 Ke6 38. a3 Bh3 39. Bd8 Bg4
40. Bc7 Be2 41. Ke4 Bg4 42. Kd4 Be2 43. Bb8 a6 44. Bc7 b5 45. Kc5 Kf5 46. Kb4
Bd3 47. a4 1-0

[Event "7. Europameisterschaft"]
[Site "Kusadasi"]
[Date "2006.04.10"]
[Round "7"]
[White "Godena, Michele"]
[Black "Gasthofer, Alexander"]
[Result "1-0"]
[WhiteElo "2537"]
[BlackElo "2415"]
[PlyCount "83"]
[EventDate "2006.04.03"]

1. e4 e6 2. d4 d5 3. Nd2 Nf6 4. e5 Nfd7 5. Bd3 c5 6. c3 Nc6 7. Ne2 cxd4 8. cxd4
f6 9. exf6 Nxf6 10. Nf3 Bd6 11. O-O O-O 12. Bf4 Bxf4 13. Nxf4 Ne4 14. Qc1 Ng5
15. Nxg5 Qxg5 16. Bxh7+ Kxh7 17. Nxe6 Qxc1 18. Nxf8+ Kg8 19. Raxc1 Kxf8 20.
Rfd1 Bf5 21. Rc5 Rd8 22. h4 Ke7 23. f3 Kd6 24. Rc3 Rf8 25. g4 Bh7 26. Kf2 Nd8
27. Rc8 Ne6 28. Rxf8 Nxf8 29. Rc1 Ne6 30. Ke3 Kd7 31. h5 b6 32. Rc3 Nc7 33. f4
Be4 34. f5 Nb5 35. Rb3 a6 36. a4 Nd6 37. Kf4 b5 38. axb5 Nxb5 39. Ke5 Nd6 40.
Rb8 Nf7+ 41. Kf4 Nd8 42. g5 1-0

[Event "7. Europameisterschaft"]
[Site "Kusadasi"]
[Date "2006.04.10"]
[Round "7"]
[White "Bogner, Sebastian"]
[Black "Yeke, Serkan"]
[Result "0-1"]
[WhiteElo "2329"]
[BlackElo "2255"]
[PlyCount "78"]
[EventDate "2006.04.03"]

1. e4 Nf6 2. e5 Nd5 3. d4 d6 4. c4 Nb6 5. exd6 cxd6 6. Nc3 Nc6 7. h3 e6 8. Nf3
Be7 9. Bf4 O-O 10. d5 Nb8 11. Rc1 e5 12. Be3 f5 13. c5 f4 14. cxd6 Bxd6 15.
Bxb6 Qxb6 16. Bd3 Nd7 17. Qe2 Nc5 18. Bb1 Bd7 19. O-O e4 20. Bxe4 Nxe4 21. Qxe4
Qxb2 22. Rc2 Qb6 23. Rb1 Qa6 24. Qd4 Rac8 25. Rcb2 Rc4 26. Qd2 Bf5 27. Rd1 Rf6
28. Nb5 Be4 29. Qe2 Rc2 30. Qxe4 Rxb2 31. Qe8+ Bf8 32. d6 Qxb5 33. d7 Qb6 34.
Kh1 Qxf2 35. Rg1 Re2 36. Ne5 f3 37. Nxf3 Rxf3 38. Qxe2 Qxe2 39. d8=Q Rd3 0-1

[Event "7. Europameisterschaft"]
[Site "Kusadasi"]
[Date "2006.04.12"]
[Round "8"]
[White "Baramidze, David"]
[Black "Socko, Bartosz"]
[Result "1-0"]
[WhiteElo "2545"]
[BlackElo "2606"]
[PlyCount "123"]
[EventDate "2006.04.03"]

1.e4 e6 2.d4 d5 3.Nc3 Bb4 4.e5 c5 5.a3 Bxc3+ 6.bxc3 Ne7 7.Nf3 b6 8.Bb5+ Bd7
9.Bd3 Ba4 10.Bf4 Nd7 11.h4 Qc7 12.Qd2 a6 13.h5 h6 14.O-O Bb5 15.Bxb5 axb5 16.Qe2
Ra5 17.Bd2 c4 18.Nh4 Qc6 19.Rfe1 Ra7 20.g4 f6 21.exf6 Nxf6 22.Qxe6 Qxe6 23.Rxe6
Kf7 24.Rxb6 Nxg4 25.Rxb5 Nf6 26.Bf4 Ne4 27.Re1 Nxc3 28.Rb6 Re8 29.Bd2 Ne4 30.Bb4
Nf6 31.Ng6 Nf5 32.Re5 Nxd4 33.Rxe8 Kxe8 34.Rb8+ Kd7 35.Bc5 Nf3+ 36.Kg2 Rc7
37.Bb6 Ne1+ 38.Kf1 Nxc2 39.Ne5+ Kd6 40.Rd8+ Kxe5 41.Bxc7+ Kd4 42.a4 c3 43.a5 Nb4
44.Bd6 Nc6 45.a6 Kc4 46.Rc8 Kb5 47.Ke2 c2 48.Ba3 Nxh5 49.Kd2 Nf4 50.Kxc2 Ne6
51.Bd6 Ned4+ 52.Kd3 Kxa6 53.Rc7 Nb5 54.Rxc6+ Kb7 55.Rc2 Nxd6 56.Kd4 Nf5+ 57.Kxd5
Kb6 58.Rc3 Nh4 59.Rc8 h5 60.Ke4 g6 61.Kf4 Nf5 62.Rg8 1-0

[Event "7. Europameisterschaft"]
[Site "Kusadasi"]
[Date "2006.04.12"]
[Round "8"]
[White "Cvitan, Ognjen"]
[Black "Luther, Thomas"]
[Result "1/2-1/2"]
[WhiteElo "2527"]
[BlackElo "2593"]
[PlyCount "21"]
[EventDate "2006.04.03"]

1.d4 d5 2.c4 c6 3.cxd5 cxd5 4.Nc3 Nf6 5.Nf3 Nc6 6.Bf4 Bf5 7.e3 e6 8.Bd3 Bxd3
9.Qxd3 Bd6 10.Bxd6 Qxd6 11.Rf1 1/2-1/2

[Event "7. Europameisterschaft"]
[Site "Kusadasi"]
[Date "2006.04.12"]
[Round "8"]
[White "Bindrich, Falko"]
[Black "Predojevic, Borki"]
[Result "1/2-1/2"]
[WhiteElo "2435"]
[BlackElo "2566"]
[PlyCount "52"]
[EventDate "2006.04.03"]

1.e4 c5 2.Nf3 d6 3.d4 cxd4 4.Nxd4 Nf6 5.Nc3 a6 6.Be3 e6 7.f3 Nc6 8.Qd2 Be7
9.O-O-O O-O 10.g4 Nxd4 11.Qxd4 Nd7 12.Kb1 Ne5 13.Be2 b5 14.h4 Nc6 15.Qd2 Qa5
16.Bd3 b4 17.Ne2 Ne5 18.Nd4 Bb7 19.Bg5 Qc7 20.Bxe7 Qxe7 21.Qxb4 Rfb8 22.Qa3 Qc7
23.c4 Nxc4 24.Qc3 d5 25.Bxc4 dxc4 26.h5 Qe5 1/2-1/2

[Event "7. Europameisterschaft"]
[Site "Kusadasi"]
[Date "2006.04.12"]
[Round "8"]
[White "Andersson, Ulf"]
[Black "Michalczak, Thomas"]
[Result "1/2-1/2"]
[WhiteElo "2545"]
[BlackElo "2334"]
[PlyCount "30"]
[EventDate "2006.04.03"]

1.Nf3 Nf6 2.c4 e6 3.d4 d5 4.Nc3 dxc4 5.e3 c5 6.Bxc4 a6 7.dxc5 Qxd1+ 8.Kxd1 Bxc5
9.Ke2 b5 10.Bd3 Bb7 11.Rd1 Nbd7 12.Kf1 Ke7 13.b3 Rhd8 14.Bb2 Rac8 15.Rac1 Bd6 
1/2-1/2

[Event "7. Europameisterschaft"]
[Site "Kusadasi"]
[Date "2006.04.12"]
[Round "8"]
[White "Simeonidis, Ioannis"]
[Black "Bogner, Sebastian"]
[Result "1-0"]
[WhiteElo "2307"]
[BlackElo "2329"]
[PlyCount "95"]
[EventDate "2006.04.03"]

1.d4 Nf6 2.c4 g6 3.Nc3 Bg7 4.e4 d6 5.Bg5 O-O 6.Qd2 Na6 7.Nge2 e5 8.d5 c6 9.Ng3
Bd7 10.Be2 Qa5 11.O-O Nc5 12.Rab1 Qb4 13.dxc6 Bxc6 14.Bxf6 Bxf6 15.Qxd6 Kg7
16.a3 Qa5 17.Qd1 Ne6 18.Nd5 Bg5 19.Bd3 a6 20.Ne2 b5 21.Nec3 Rfc8 22.b4 Qd8 23.c5
Rcb8 24.Nb6 Ra7 25.Ncd5 f5 26.exf5 Nd4 27.f6+ Bxf6 28.Be4 Rf7 29.Qd3 Rbb7
30.Rbd1 g5 31.Rfe1 g4 32.Nxf6 Qxf6 33.Qg3 Qf4 34.Qxf4 Rxf4 35.Rxd4 exd4 36.Bxc6
Rbf7 37.f3 d3 38.Be4 gxf3 39.gxf3 Kh6 40.Rd1 Rg7+ 41.Kf2 Rh4 42.Rxd3 Rxh2+
43.Ke3 Rg1 44.Rc3 Kg5 45.c6 Re1+ 46.Kd4 Rd2+ 47.Kc5 Rd8 48.c7 1-0

[Event "7. Europameisterschaft"]
[Site "Kusadasi"]
[Date "2006.04.13"]
[Round "9"]
[White "Fressinet, Laurent"]
[Black "Baramidze, David"]
[Result "1/2-1/2"]
[WhiteElo "2633"]
[BlackElo "2545"]
[PlyCount "112"]
[EventDate "2006.04.03"]

1.e4 c5 2.Nf3 d6 3.d4 cxd4 4.Nxd4 Nf6 5.Nc3 Bd7 6.f3 e5 7.Nb3 Be7 8.Be3 a5 9.a4
Na6 10.Bb5 Nb4 11.Bxd7+ Qxd7 12.Nb5 d5 13.c3 Na6 14.O-O Qe6 15.f4 dxe4 16.fxe5
Ng4 17.Bf4 Nxe5 18.N3d4 Qd5 19.Bxe5 Qxe5 20.Rf5 Qb8 21.Qg4 g6 22.Qxe4 gxf5
23.Nxf5 Qd8 24.Re1 Qb6+ 25.Kh1 O-O-O 26.Nxe7+ Kb8 27.Nd5 Qf2 28.Qe5+ Ka8 29.Rg1
f6 30.Qe6 Rhg8 31.Nb6+ Kb8 32.Nd7+ Ka8 33.Nb6+ Kb8 34.Nd7+ Ka8 35.Qd6 Rxd7
36.Qxd7 Rxg2 37.Qd8+ Nb8 38.Qxa5+ Na6 39.Qd8+ Nb8 40.Nc7+ Ka7 41.Qd4+ Qxd4
42.cxd4 Rxb2 43.Rg7 Ra2 44.Rxh7 Rxa4 45.Rf7 Kb6 46.Ne6 Kc6 47.Nd8+ Kd6 48.Nxb7+
Kd5 49.Rxf6 Rxd4 50.Kg2 Nd7 51.Rf2 Ne5 52.Nd8 Rg4+ 53.Kf1 Rg6 54.Nb7 Ng4 55.Rd2+
Ke4 56.Nc5+ Ke5 1/2-1/2

[Event "7. Europameisterschaft"]
[Site "Kusadasi"]
[Date "2006.04.13"]
[Round "9"]
[White "Berescu, Alin"]
[Black "Graf, Alexander"]
[Result "1-0"]
[WhiteElo "2461"]
[BlackElo "2592"]
[PlyCount "141"]
[EventDate "2006.04.03"]

1.e4 e5 2.Nf3 Nc6 3.Bb5 a6 4.Ba4 Nf6 5.O-O Be7 6.Re1 b5 7.Bb3 d6 8.c3 O-O 9.h3
Nb8 10.d4 Nbd7 11.Nbd2 Bb7 12.Bc2 Re8 13.Nf1 Bf8 14.Ng3 g6 15.a4 c5 16.d5 c4
17.Bg5 h6 18.Be3 Nc5 19.Qd2 h5 20.Bg5 Be7 21.Ra3 Rb8 22.Kh1 Bc8 23.axb5 axb5
24.Ra7 Bb7 25.Rea1 Qb6 26.Nh4 Ra8 27.Rxa8 Rxa8 28.Rf1 Qd8 29.f4 Nfd7 30.Bxe7
Qxe7 31.Nhf5 Qf8 32.fxe5 Nxe5 33.Nxh5 Ncd7 34.Qg5 Ra2 35.Nd4 Kh7 36.Nf6+ Nxf6
37.Qxf6 Kg8 38.Ne6 Nd7 39.Qh4 Qe8 40.Nd8 Ne5 41.Nxb7 Rxb2 42.Nxd6 Qf8 43.Nxf7
Nxf7 44.e5 Qd8 45.Qxd8+ Nxd8 46.Bxg6 Re2 47.e6 Re5 48.Be8 b4 49.cxb4 c3 50.Ba4
Kg7 51.Rc1 Kf6 52.Rxc3 Rxd5 53.Bb3 Rd4 54.Rc7 Nxe6 55.Rc6 Rxb4 56.Rxe6+ Kf5
57.Re3 Kf4 58.Rf3+ Kg5 59.Kh2 Rb6 60.g3 Rb4 61.h4+ Kh5 62.Kh3 Rd4 63.g4+ Kh6
64.g5+ Kg6 65.Rf6+ Kg7 66.Bc2 Rc4 67.Rf7+ Kg8 68.Bb3 Rc7 69.g6 Kh8 70.g7+ Kh7
71.Rxc7 1-0

[Event "7. Europameisterschaft"]
[Site "Kusadasi"]
[Date "2006.04.13"]
[Round "9"]
[White "Lutz, Christopher"]
[Black "Sulskis, Sarunas"]
[Result "1/2-1/2"]
[WhiteElo "2608"]
[BlackElo "2497"]
[PlyCount "81"]
[EventDate "2006.04.03"]

1.e4 e5 2.Nf3 Nc6 3.Bb5 a6 4.Ba4 Nf6 5.O-O Be7 6.Re1 b5 7.Bb3 d6 8.c3 O-O 9.h3
Bb7 10.d4 Re8 11.Ng5 Rf8 12.Nf3 Re8 13.Nbd2 Bf8 14.Bc2 g6 15.d5 Nb8 16.b3 c6
17.c4 Nbd7 18.Nf1 a5 19.Bg5 h6 20.Be3 b4 21.Ng3 c5 22.a4 Bg7 23.Qd2 h5 24.Rad1
Nh7 25.Rf1 Bc8 26.Ng5 Qe7 27.Kh1 Ra7 28.f4 exf4 29.Bxf4 Ne5 30.Nxh7 Kxh7 31.Ne2
Qf8 32.Ng1 Bh6 33.Nf3 Bxf4 34.Qxf4 Qe7 35.Rd2 Kg7 36.Rdf2 Nxf3 37.Rxf3 Qe5
38.Qxe5+ Rxe5 39.Rf6 Rd7 40.Kh2 Ree7 41.Bd3 1/2-1/2

[Event "7. Europameisterschaft"]
[Site "Kusadasi"]
[Date "2006.04.13"]
[Round "9"]
[White "Galego, Luis"]
[Black "Bindrich, Falko"]
[Result "0-1"]
[WhiteElo "2543"]
[BlackElo "2435"]
[PlyCount "94"]
[EventDate "2006.04.03"]

1.e4 c5 2.Nf3 d6 3.Nc3 Nc6 4.g3 g6 5.Bg2 Bg7 6.O-O e5 7.d3 Nge7 8.h3 O-O 9.Nh2
Kh8 10.f4 exf4 11.gxf4 f5 12.Nf3 Nd4 13.Nxd4 Bxd4+ 14.Kh2 Be6 15.Ne2 Bg7 16.Be3
Qd7 17.c3 Rae8 18.Qd2 b6 19.b3 fxe4 20.dxe4 d5 21.Rad1 Qc8 22.e5 g5 23.fxg5
Bxe5+ 24.Bf4 Qc7 25.Kg1 Ng6 26.Bxe5+ Qxe5 27.Rxf8+ Rxf8 28.Re1 Qd6 29.Qe3 Nh4
30.Qg3 Qxg3 31.Nxg3 Nxg2 32.Kxg2 Bg8 33.Re7 a5 34.Nh5 Rf5 35.h4 h6 36.Ng3 Rf7
37.Re5 hxg5 38.hxg5 d4 39.cxd4 cxd4 40.Ne4 d3 41.Re8 Kg7 42.Rd8 Rf5 43.Rd7+ Kg6
44.Rd6+ Kg7 45.Kg3 Rd5 46.Kf3 d2 47.Ke2 d1=Q+ 0-1

[Event "7. Europameisterschaft"]
[Site "Kusadasi"]
[Date "2006.04.13"]
[Round "9"]
[White "Michalczak, Thomas"]
[Black "Pashikian, Arman"]
[Result "1/2-1/2"]
[WhiteElo "2334"]
[BlackElo "2475"]
[PlyCount "90"]
[EventDate "2006.04.03"]

1.e4 e5 2.Nf3 Nc6 3.Bb5 Nf6 4.O-O Nxe4 5.Re1 Nd6 6.Nxe5 Be7 7.Bf1 Nf5 8.c3 O-O
9.d4 Nxe5 10.Rxe5 d6 11.Re1 d5 12.Bf4 Nh4 13.Bd3 Ng6 14.Qh5 c6 15.Nd2 f5 16.Be5
Nxe5 17.Rxe5 g6 18.Qd1 Bd6 19.Re1 Qb6 20.Qb3 Bd7 21.Nf3 Rae8 22.Ne5 Bxe5 23.Rxe5
Rxe5 24.dxe5 f4 25.Qc2 Kg7 26.c4 Be6 27.cxd5 cxd5 28.Qb3 Qc7 29.Re1 b6 30.Qc2
Qc5 31.Qd1 Qb4 32.b3 Rc8 33.Kf1 Rc3 34.Be2 Qc5 35.Qd2 g5 36.Bd3 Qd4 37.Rd1 Qxe5
38.Bxh7 Kxh7 39.Re1 Qf6 40.Rxe6 Qxe6 41.Qxc3 Qe4 42.h3 d4 43.Qe1 Qc6 44.Qe5 Qc1+
45.Qe1 Qc2 1/2-1/2

[Event "7. Europameisterschaft"]
[Site "Kusadasi"]
[Date "2006.04.13"]
[Round "9"]
[White "Brkic, Ante"]
[Black "Gasthofer, Alexander"]
[Result "1-0"]
[WhiteElo "2526"]
[BlackElo "2415"]
[PlyCount "39"]
[EventDate "2006.04.03"]

1.e4 e6 2.d4 d5 3.Nc3 Bb4 4.e5 Ne7 5.a3 Bxc3+ 6.bxc3 c5 7.Qg4 Kf8 8.Bd3 Qa5
9.Bd2 Qa4 10.c4 cxd4 11.cxd5 exd5 12.Qh5 Qd7 13.h3 b6 14.Nf3 Ba6 15.Ng5 Qe8
16.e6 Bxd3 17.cxd3 Ng6 18.O-O fxe6 19.Rae1 e5 20.Qf3+ 1-0

[Event "7. Europameisterschaft"]
[Site "Kusadasi"]
[Date "2006.04.13"]
[Round "9"]
[White "Godena, Michele"]
[Black "Meier, Georg"]
[Result "1/2-1/2"]
[WhiteElo "2537"]
[BlackElo "2407"]
[PlyCount "88"]
[EventDate "2006.04.03"]

1.e4 e6 2.d4 d5 3.Nd2 dxe4 4.Nxe4 Nd7 5.Nf3 Ngf6 6.Nxf6+ Nxf6 7.Be3 Bd6 8.Bd3
Nd5 9.Bg5 Be7 10.h4 c5 11.dxc5 Qa5+ 12.c3 Qxc5 13.Bxe7 Kxe7 14.Qd2 h6 15.O-O-O
Bd7 16.Bc2 Rhd8 17.Rhe1 Be8 18.Nd4 b5 19.Be4 Kf8 20.Kb1 Rac8 21.Bxd5 Rxd5 22.Qf4
Kg8 23.Nb3 Qc6 24.Rxd5 Qxd5 25.f3 f6 26.Qd4 Qxd4 27.Nxd4 e5 28.Nb3 Bg6+ 29.Kc1
b4 30.Re3 Rc4 31.g3 bxc3 32.Rxc3 Ra4 33.a3 Bf7 34.Nc5 Rd4 35.b4 Kf8 36.Ne4 Rc4
37.Rxc4 Bxc4 38.Nd6 Bd5 39.f4 exf4 40.gxf4 a6 41.b5 axb5 42.Nxb5 Kf7 43.Nc3 Ba8
44.Ne2 g5 1/2-1/2

[Event "7. Europameisterschaft"]
[Site "Kusadasi"]
[Date "2006.04.14"]
[Round "10"]
[White "Baramidze, David"]
[Black "Miroshnichenko, Evgenij"]
[Result "1/2-1/2"]
[WhiteElo "2545"]
[BlackElo "2608"]
[PlyCount "89"]
[EventDate "2006.04.03"]

1.e4 c5 2.Nf3 d6 3.d4 Nf6 4.Nc3 cxd4 5.Nxd4 Nc6 6.Bg5 e6 7.Qd2 Be7 8.O-O-O Nxd4
9.Qxd4 O-O 10.f3 Qa5 11.Bd2 Qc7 12.Nb5 Qd8 13.Bb4 d5 14.Bxe7 Qxe7 15.exd5 Nxd5
16.Nxa7 b6 17.Nxc8 Rfxc8 18.Kb1 Nc3+ 19.bxc3 Rd8 20.Bc4 Rxd4 21.cxd4 Qh4 22.g3
Qf6 23.d5 exd5 24.Bxd5 Ra7 25.f4 h5 26.h4 g6 27.Bb3 Kg7 28.Rd3 Re7 29.Rhd1 Qc6
30.Rd6 Qc3 31.R6d3 Qc5 32.Kb2 b5 33.Rd7 b4 34.Rxe7 Qxe7 35.Rd3 Qf6+ 36.Kb1 Qc6
37.Bd5 Qf6 38.Bb3 Qc6 39.Kc1 Qf6 40.Kd2 Qa1 41.Ke2 Qg1 42.Kf3 f5 43.Ke2 Kf8
44.Kd2 Qa1 45.Bd5 1/2-1/2

[Event "7. Europameisterschaft"]
[Site "Kusadasi"]
[Date "2006.04.14"]
[Round "10"]
[White "Naiditsch, Arkadij"]
[Black "Minasian, Artashes"]
[Result "1-0"]
[WhiteElo "2664"]
[BlackElo "2574"]
[PlyCount "93"]
[EventDate "2006.04.03"]

1.e4 c6 2.d4 d5 3.e5 Bf5 4.Nc3 e6 5.g4 Bg6 6.Nge2 Be7 7.Bg2 Nd7 8.Be3 Nb6 9.O-O
Nc4 10.Bc1 Bb4 11.f4 f5 12.exf6 Nxf6 13.f5 exf5 14.gxf5 Bh5 15.Qd3 Bxe2 16.Nxe2
Qb6 17.Kh1 Be7 18.b3 Nd6 19.c4 Nde4 20.Nf4 O-O 21.cxd5 cxd5 22.Nxd5 Nxd5 23.Qxe4
Rad8 24.Qe6+ Kh8 25.Bxd5 Qxd4 26.Bg2 Qxa1 27.Qxe7 Rde8 28.Qa3 Qd4 29.Bb2 Qb6
30.b4 Re3 31.Qa5 Qxa5 32.bxa5 Re2 33.Bd4 Rd2 34.Bxa7 Rxa2 35.Bb6 Rb8 36.Rd1 h5
37.h3 Kh7 38.Rd7 Rf8 39.Rxb7 Ra1+ 40.Kh2 Rxf5 41.Be4 Ra2+ 42.Kh1 Ra1+ 43.Bg1
Raxa5 44.Rf7 Rae5 45.Bxf5+ Kg8 46.Rxg7+ Kxg7 47.Bd4 1-0

[Event "7. Europameisterschaft"]
[Site "Kusadasi"]
[Date "2006.04.14"]
[Round "10"]
[White "Mamedov, Rauf"]
[Black "Luther, Thomas"]
[Result "1-0"]
[WhiteElo "2538"]
[BlackElo "2593"]
[PlyCount "77"]
[EventDate "2006.04.03"]

1.e4 e6 2.d4 d5 3.Nd2 c5 4.exd5 Qxd5 5.dxc5 Bxc5 6.Ngf3 Nf6 7.Bd3 b6 8.Qe2 Bb7
9.Nb3 O-O 10.Bg5 Ne4 11.c4 Qf5 12.Nxc5 bxc5 13.g4 Nxg5 14.gxf5 Nxf3+ 15.Kf1 Nd7
16.fxe6 Nf6 17.e7 Rfe8 18.Qe3 Ng4 19.Qxc5 Nfe5 20.Bf5 Bxh1 21.h3 Nh6 22.Qxe5
Nxf5 23.Qxf5 Rxe7 24.Kg1 Be4 25.Qa5 Re6 26.Kh2 h6 27.Re1 a6 28.Re3 Rae8 29.f3
Bb7 30.Rxe6 Rxe6 31.Qd8+ Kh7 32.Qd3+ Kg8 33.Qd8+ Kh7 34.Qd3+ Kg8 35.b4 Rf6 36.b5
axb5 37.cxb5 Rxf3 38.Qd7 Rf2+ 39.Kg1 1-0

[Event "7. Europameisterschaft"]
[Site "Kusadasi"]
[Date "2006.04.14"]
[Round "10"]
[White "Zelcic, Robert"]
[Black "Graf, Alexander"]
[Result "1-0"]
[WhiteElo "2525"]
[BlackElo "2592"]
[PlyCount "127"]
[EventDate "2006.04.03"]

1.e4 d6 2.d4 Nf6 3.Nc3 g6 4.Nf3 Bg7 5.Be2 O-O 6.O-O a6 7.a4 b6 8.h3 Bb7 9.e5
dxe5 10.dxe5 Nd5 11.Nxd5 Qxd5 12.Qxd5 Bxd5 13.Rd1 e6 14.c4 Bb7 15.Bf4 a5 16.c5
bxc5 17.Rac1 Bd5 18.Rxc5 c6 19.Rcc1 Nd7 20.Bc4 Rfc8 21.Bxd5 cxd5 22.b3 Nc5
23.Nd4 h6 24.h4 Bf8 25.Bd2 Kg7 26.Rc2 Rcb8 27.Rc3 Rb7 28.Nb5 Be7 29.g3 Nd7
30.Re3 Nc5 31.Rc3 g5 32.hxg5 hxg5 33.Bxg5 Ne4 34.Bxe7 Rxb5 35.Rf3 Rb7 36.Ba3
Rab8 37.Rdd3 Kg6 38.Kg2 Rc8 39.Rf4 Rc2 40.Rdf3 Rbc7 41.Rg4+ Kh7 42.Bf8 f5
43.exf6 Rf7 44.Rg7+ Rxg7 45.fxg7 Kg8 46.Rf4 Ng5 47.Rg4 Nf7 48.Rd4 Ng5 49.Rg4 Nf7
50.b4 axb4 51.Rxb4 Ra2 52.g4 Ng5 53.Rb6 Rxa4 54.f3 Ra2+ 55.Kg3 Re2 56.Rb8 Nf7
57.f4 Re3+ 58.Kf2 Re4 59.Kf3 Kh7 60.g5 Kg8 61.Kg4 Rc4 62.Kh5 Re4 63.Be7+ Kxg7
64.Bf6+ 1-0

[Event "7. Europameisterschaft"]
[Site "Kusadasi"]
[Date "2006.04.14"]
[Round "10"]
[White "Bindrich, Falko"]
[Black "Kurnosov, Igor"]
[Result "0-1"]
[WhiteElo "2435"]
[BlackElo "2526"]
[PlyCount "56"]
[EventDate "2006.04.03"]

1.e4 c5 2.Nf3 e6 3.Nc3 a6 4.d4 cxd4 5.Nxd4 d6 6.g4 b5 7.Be3 Bb7 8.f3 Be7 9.Nce2
Nd7 10.a4 bxa4 11.Ng3 Nc5 12.b4 axb3 13.cxb3 Bg5 14.Bf2 Qb6 15.Bc4 Nf6 16.O-O
O-O 17.Bxe6 fxe6 18.Nxe6 Nxg4 19.Nxg5 Nxf2 20.Rxf2 h6 21.Nh3 Bc8 22.b4 Bxh3
23.bxc5 Qxc5 24.Rc1 Qe3 25.Rc7 Rac8 26.Qd5+ Kh8 27.Nf1 Qf4 28.Ra7 Rc1 0-1

[Event "7. Europameisterschaft"]
[Site "Kusadasi"]
[Date "2006.04.14"]
[Round "10"]
[White "Nyback, Tomi"]
[Black "Michalczak, Thomas"]
[Result "1-0"]
[WhiteElo "2563"]
[BlackElo "2334"]
[PlyCount "121"]
[EventDate "2006.04.03"]

1.Nf3 d5 2.d4 Nf6 3.c4 e6 4.Nc3 Nbd7 5.Bg5 c6 6.cxd5 exd5 7.e3 Be7 8.Bd3 Ne4
9.Bxe7 Qxe7 10.Qc2 Ndf6 11.O-O Bf5 12.Ne5 Bg6 13.Nxc6 bxc6 14.Nxe4 O-O 15.Nxf6+
Qxf6 16.Bxg6 Qxg6 17.Rac1 Rab8 18.Qxc6 Qxc6 19.Rxc6 Rxb2 20.Ra6 f5 21.Rxa7 f4
22.Ra5 fxe3 23.fxe3 Rc8 24.Rxd5 h6 25.Rdf5 Rxa2 26.R5f2 Ra3 27.Re2 Rd3 28.g4 Re8
29.Kf2 Rf8+ 30.Kg2 Re8 31.Rfe1 Re4 32.h3 Kf7 33.Kf2 Kg6 34.Rc1 Re6 35.Kf3 Kf7
36.Rc5 g5 37.Rf5+ Kg6 38.Re5 Rxe5 39.dxe5 Ra3 40.Rd2 Ra1 41.Ke4 Rh1 42.Rf2 Ra1
43.Rf5 Ra4+ 44.Kf3 Ra8 45.e6 Re8 46.Re5 Kf6 47.Ke4 Ke7 48.Kf5 Rf8+ 49.Kg6 Rg8+
50.Kxh6 Kf6 51.Rf5+ Kxe6 52.Kh7 Ra8 53.Rxg5 Ra3 54.h4 Rxe3 55.h5 Rf3 56.h6 Rf4
57.Kg6 Rf6+ 58.Kh5 Rf1 59.Rf5 Rxf5+ 60.gxf5+ Kf6 61.Kg4 1-0

[Event "7. Europameisterschaft"]
[Site "Kusadasi"]
[Date "2006.04.14"]
[Round "10"]
[White "Meier, Georg"]
[Black "Erturan, Yakup"]
[Result "1-0"]
[WhiteElo "2407"]
[BlackElo "2353"]
[PlyCount "79"]
[EventDate "2006.04.03"]

1.Nf3 e6 2.g3 b5 3.Bg2 Bb7 4.O-O c5 5.c3 Nf6 6.a4 b4 7.cxb4 cxb4 8.d4 Be7 9.Bg5
O-O 10.Nbd2 d6 11.a5 Qd7 12.Qb3 Na6 13.Rfe1 Rfc8 14.e4 Rab8 15.Bh3 Re8 16.d5 Nc5
17.dxe6 Nxe6 18.a6 Ba8 19.e5 Bd5 20.Qd3 dxe5 21.Nxe5 Qb5 22.Be3 Bc5 23.Qxb5 Rxb5
24.Ndc4 Nd4 25.Bxd4 Bxc4 26.Bxc5 Rxc5 27.Rac1 Rcxe5 28.Rxe5 Rxe5 29.Rxc4 Re1+
30.Bf1 Kf8 31.Rxb4 Ne4 32.Rb8+ Ke7 33.Rb7+ Kd6 34.Kg2 Nd2 35.Bd3 Re7 36.Bxh7 g6
37.Bg8 Ke6 38.b4 Ne4 39.b5 Nc5 40.b6 1-0

[Event "7. Europameisterschaft"]
[Site "Kusadasi"]
[Date "2006.04.14"]
[Round "10"]
[White "Bogner, Sebastian"]
[Black "Almond, Richard"]
[Result "1/2-1/2"]
[WhiteElo "2329"]
[BlackElo "2093"]
[PlyCount "93"]
[EventDate "2006.04.03"]

1.e4 d5 2.exd5 Qxd5 3.Nc3 Qa5 4.d4 c6 5.Nf3 Nf6 6.Ne5 Bf5 7.g4 Be6 8.Nc4 Qc7
9.Ne3 Nbd7 10.f4 Nb6 11.f5 Bd5 12.Ncxd5 Nfxd5 13.Ng2 O-O-O 14.Bd3 e5 15.fxe6
fxe6 16.O-O Bd6 17.h3 Rdf8 18.Bd2 Bh2+ 19.Kh1 Qg3 20.Qe1 Qxh3 21.Qh4 Qxh4
22.Nxh4 Bf4 23.Bxf4 Nxf4 24.Be4 Ne2 25.Rxf8+ Rxf8 26.Re1 Nxd4 27.c3 Nb5 28.Kg2
g5 29.Nf3 h6 30.Kg3 Nc7 31.Ne5 Ncd5 32.Ng6 Rf6 33.Rh1 Nf4 34.Rxh6 Nxg6 35.Bxg6
Na4 36.Rh8+ Kc7 37.Rh7+ Kc8 38.Rg7 Nxb2 39.Bh7 Nd1 40.c4 Rf4 41.c5 Rc4 42.Rxg5
Nc3 43.Rg8+ Kd7 44.Rg7+ Kc8 45.Rg8+ Kd7 46.Rg7+ Kc8 47.Rg8+ 1/2-1/2

[Event "7. Europameisterschaft"]
[Site "Kusadasi"]
[Date "2006.04.15"]
[Round "11"]
[White "Graf, Alexander"]
[Black "Bartel, Mateusz"]
[Result "0-1"]
[WhiteElo "2592"]
[BlackElo "2554"]
[PlyCount "86"]
[EventDate "2006.04.03"]

1. d4 f5 2. g3 Nf6 3. Bg2 g6 4. Nf3 Bg7 5. O-O O-O 6. c4 c6 7. Nc3 Na6 8. Rb1
Ne4 9. Bf4 d6 10. Qc1 Nxc3 11. bxc3 Qa5 12. c5 dxc5 13. Qe3 Nc7 14. c4 Ne6 15.
d5 cxd5 16. cxd5 Nxf4 17. Qxf4 Qd8 18. Nd2 Qd6 19. Qe3 Bd4 20. Qa3 Qf6 21. Nc4
b5 22. e3 Bc3 23. d6 Bb4 24. Rxb4 cxb4 25. Qxb4 Rb8 26. dxe7 Re8 27. Nd6 Rxe7
28. Nxc8 Rxc8 29. Qxb5 Kg7 30. Bf3 Rc2 31. Qa4 Rd2 32. Bd1 g5 33. Bb3 f4 34.
exf4 gxf4 35. Qc4 Rd8 36. Qc5 Rde8 37. Qh5 Re1 38. Qg4+ Kh8 39. gxf4 Qa1 40.
Bd1 Rxf1+ 41. Kxf1 Rd8 42. Ke1 Qc3+ 43. Kf1 Qd3+ 0-1

[Event "7. Europameisterschaft"]
[Site "Kusadasi"]
[Date "2006.04.15"]
[Round "11"]
[White "Anastasian, Ashot"]
[Black "Naiditsch, Arkadij"]
[Result "0-1"]
[WhiteElo "2553"]
[BlackElo "2664"]
[PlyCount "104"]
[EventDate "2006.04.03"]

1. d4 Nf6 2. c4 e6 3. Nc3 Bb4 4. Qc2 O-O 5. a3 Bxc3+ 6. Qxc3 b6 7. Nf3 Bb7 8.
g3 c5 9. dxc5 bxc5 10. Bg2 d6 11. O-O a5 12. Rd1 Qe7 13. Bg5 Nc6 14. Bxf6 gxf6
15. Rd2 Rfd8 16. Rad1 Rab8 17. Ne1 a4 18. Bxc6 Bxc6 19. Qe3 Rb3 20. Nd3 Kg7 21.
Qf4 Rbb8 22. Qg4+ Kh8 23. Qh4 e5 24. Nc1 Qe6 25. Na2 Rd7 26. Nc3 f5 27. f3 Rg8
28. Nd5 {[%emt 0:00:00]} Bxd5 29. Rxd5 Rg6 30. e3 Kg7 31. Qh3 Rb7 32. Qg2 f4
33. exf4 exf4 34. g4 Qe3+ 35. Kh1 Rb3 36. Rf1 Rd3 37. Qc2 Rxd5 38. cxd5 Rg5 39.
Kg2 Rxd5 40. Rf2 Rd4 41. Qf5 Qe6 42. Qg5+ Qg6 43. Qe7 h6 44. Re2 Rc4 45. Kh3
Qf6 46. Qd7 Rd4 47. Qb5 Qg6 48. Qc6 Qd3 49. Re7 Qc4 50. Re1 Rd2 51. Qe4 Qxe4
52. Rxe4 Rxb2 0-1

[Event "7. Europameisterschaft"]
[Site "Kusadasi"]
[Date "2006.04.15"]
[Round "11"]
[White "Lutz, Christopher"]
[Black "Romanov, Evgeny"]
[Result "1-0"]
[WhiteElo "2608"]
[BlackElo "2480"]
[PlyCount "97"]
[EventDate "2006.04.03"]

1.e4 e5 2.Nf3 Nc6 3.Bb5 a6 4.Ba4 Nf6 5.O-O Be7 6.Re1 b5 7.Bb3 d6 8.c3 O-O 9.h3
Nb8 10.d4 Nbd7 11.Nbd2 Bb7 12.Bc2 Re8 13.Nf1 Bf8 14.Ng3 g6 15.Bg5 h6 16.Bd2 c5
17.d5 Nb6 18.a4 Nxa4 19.Bxa4 bxa4 20.c4 Nd7 21.Qxa4 Qe7 22.Qc2 Bg7 23.Ra3 Rab8
24.Rb1 Bc8 25.b4 cxb4 26.Rxb4 Rxb4 27.Bxb4 h5 28.Ne1 Rf8 29.Rc3 Nc5 30.Bxc5 dxc5
31.Rb3 h4 32.Nf1 f5 33.Rb6 Qg5 34.Nf3 Qf4 35.N1d2 g5 36.Qd3 g4 37.Nxh4 Qxf2+
38.Kxf2 fxe4+ 39.Ke3 exd3 40.hxg4 Bxg4 41.Kxd3 Rf4 42.Rxa6 Rd4+ 43.Ke3 e4
44.Nxe4 Rxc4 45.Rg6 Bc8 46.g4 Rd4 47.Nf5 Rxd5 48.Rxg7+ Kf8 49.Rg6 1-0